| 000 | 01077 a2200241 4500 | ||
|---|---|---|---|
| 005 | 20080903170055.0 | ||
| 008 | 080903t xxu||||| |||| 00| 0 hin d | ||
| 010 | _aHIN-78939 | ||
| 020 |
_a818605467 _c150.00 |
||
| 035 | _aHN-51285 | ||
| 037 | _bD.B.Act / pub | ||
| 082 | _a821 | ||
| 100 | _aसुरंजन | ||
| 245 |
_aसूरज का सातवाँ जन्म _cसुरंजन |
||
| 246 |
_aSuraj ka Satva Janam _bby Suranjan |
||
| 260 |
_aगाजियाबाद _bमगध प्रकाशन _c2005 |
||
| 270 |
_aई-385 सी, प्रताप विहार, नियर कैप्टन गैस एजेन्सी _bगाजियाबाद ( उ.प्र.) |
||
| 300 |
_a160पृ _c22 सेमी (सजिल्द) |
||
| 650 | _aकविताएँ | ||
| 650 | _aPoitry | ||
| 942 |
_adpl _cHN _k821 / सुरंज _2ddc _h821 _mसुरंज |
||
| 999 |
_c1026 _d1026 |
||